One-dimensional variational problems : an introduction /

Guardado en:
Autor Principal: Buttazzo, Giuseppe.
Otros Autores: Giaquinta, Mariano, 1947-, Hildebrandt, Stefan.
Formato: Libro
Idioma:English
Publicado: Oxford : New York : Clarendon Press ; Oxford University Press, 1998.
Series:Oxford lecture series in mathematics and its applications ; 15
Oxford science publications
Materias:
Acceso en línea:Publisher description
Etiquetas: Agregar Etiqueta
Sin Etiquetas, Sea el primero en etiquetar este registro!
LEADER 01324cam a2200277 a 4500
001 MAT.inmabb006947
008 980901s1998####enka#####b####001#0#eng#d
005 20170712124003.0
245 1 0 |a One-dimensional variational problems :  |b an introduction /  |c Giuseppe Buttazzo and Mariano Giaquinta, and Stefan Hildebrandt. 
260 |a Oxford :  |b Clarendon Press ;  |a New York :  |b Oxford University Press,  |c 1998. 
300 |a viii, 262 p. :  |b il. ;  |c 24 cm. 
440 0 |a Oxford lecture series in mathematics and its applications ;  |v 15 
440 0 |a Oxford science publications 
504 |a Incluye referencias bibliográficas (p. [246]-259) e índice. 
505 0 |a 1. Classical problems and indirect methods -- 2. Absolutely continuous functions and Sobolev spaces -- 3. Semicontinuity and existence results -- 4. Regularity of minimizers -- 5. Some applications -- 6. Scholia. 
510 4 |a MR,  |c 2001a:49001 
020 |a 0198504659 
100 1 |a Buttazzo, Giuseppe. 
700 1 |a Giaquinta, Mariano,  |d 1947- 
700 1 |a Hildebrandt, Stefan. 
650 0 |a Calculus of variations. 
084 |a 49-02 (34B15 49J05 49K05)  |2 msc2000 
010 |a  99214744  
040 |a Uk  |c Uk  |d TxCM  |d DLC 
856 4 2 |3 Publisher description  |u http://www.loc.gov/catdir/enhancements/fy0605/99214744-d.html 
859 |h 49  |i B988  |p A-9128  |b BIB. MATEMATICA